Racionalidad epistémica

में बचाया:
ग्रंथसूची विवरण
मुख्य लेखक: Olivé, León (autor)
स्वरूप: पुस्तक
भाषा:स्पेनिश
प्रकाशित: Madrid Trotta 1995
श्रृंखला:Enciclopedia Iberoamericana de Filosofía, 9
विषय:
टैग: टैग जोड़ें
कोई टैग नहीं, इस रिकॉर्ड को टैग करने वाले पहले व्यक्ति बनें!

MARC

LEADER 00000nam a2200000 a 4500
001 UCP4125
003 CL-VaPUC
008 990724e19950000SP |||||||||||||||||spa|d
082 0 4 |a 121.3  |b OLI  |2 21 
100 |a Olivé, León  |e autor  |9 563549 
245 1 0 |a Racionalidad epistémica 
300 |a 278 p 
942 |c BK 
945 |d 19990724 00:00:00  |a rbrito 
260 |a Madrid  |b Trotta  |c 1995 
650 0 |a Epistemología   |9 264994 
650 0 |a Ontología   |9 256850 
650 0 |a Escepticismo  |9 258591 
650 0 |a Racionalidad  |9 323325 
650 0 |a Relativismo  |9 322356 
583 |a last modification  |c 19990724 00:00:00  |k Rodrigo Vera 
490 0 |a Enciclopedia Iberoamericana de Filosofía, 9 
999 |c 282190  |d 282188 
952 |0 0  |1 1  |2 ddc  |4 0  |6 121_300000000000000_OLI_1995  |7 0  |8 A  |9 323702  |a BIBTEO  |b BIBTEO  |d 2019-11-20  |i 3525953  |o 121.3 OLI 1995  |p 3525953  |r 2019-11-20  |w 2019-11-20  |y BK  |k ICR